Heroes of discovery in South Africa, (Record no. 120193)
[ view plain ]
| 000 -LEADER | |
|---|---|
| fixed length control field | 00808cam a22002292 4500 |
| 001 - CONTROL NUMBER | |
| control field | 6415986 |
| 003 - CONTROL NUMBER IDENTIFIER | |
| control field | ARRUPE |
| 005 - DATE AND TIME OF LATEST TRANSACTION | |
| control field | 20140312142904.0 |
| 008 - FIXED-LENGTH DATA ELEMENTS--GENERAL INFORMATION | |
| fixed length control field | 821214s1899 enkacf 000 0 eng |
| 010 ## - LIBRARY OF CONGRESS CONTROL NUMBER | |
| LC control number | 33018125 |
| 040 ## - CATALOGING SOURCE | |
| Original cataloging agency | DLC |
| Transcribing agency | CarP |
| Modifying agency | DLC |
| 043 ## - GEOGRAPHIC AREA CODE | |
| Geographic area code | f-sa--- |
| 050 00 - LIBRARY OF CONGRESS CALL NUMBER | |
| Classification number | DT731 |
| Item number | .B4 |
| 300 ## - PHYSICAL DESCRIPTION | |
| Other physical details | front., illus., plates, ports. |
| Dimensions | 19 cm. |
| 100 1# - MAIN ENTRY--PERSONAL NAME | |
| Personal name | Bell, N. [from old catalog] |
| 9 (RLIN) | 9055 |
| 245 10 - TITLE STATEMENT | |
| Title | Heroes of discovery in South Africa, |
| Statement of responsibility, etc | by N. Bell ... |
| 260 ## - PUBLICATION, DISTRIBUTION, ETC. (IMPRINT) | |
| Place of publication, distribution, etc | London, |
| -- | Felling-on-Tyne, |
| -- | New York, |
| -- | Melbourne, |
| Name of publisher, distributor, etc | The Walter Scott publishing co., ltd. |
| Date of publication, distribution, etc | [1899] |
| 300 ## - PHYSICAL DESCRIPTION | |
| Extent | 4 p.l., [3]-418 p. |
| 600 ## - SUBJECT ADDED ENTRY--PERSONAL NAME | |
| General subdivision | Discovery and Exploration |
| Geographic subdivision | South Africa |
| 9 (RLIN) | 9056 |
| 651 #0 - SUBJECT ADDED ENTRY--GEOGRAPHIC NAME | |
| Geographic name | South Africa |
| General subdivision | Discovery and exploration. |
| 9 (RLIN) | 9057 |
| 906 ## - LOCAL DATA ELEMENT F, LDF (RLIN) | |
| a | 0 |
| b | cbc |
| c | premver |
| d | u |
| e | ncip |
| f | 19 |
| g | y-gencatlg |
| 942 ## - ADDED ENTRY ELEMENTS (KOHA) | |
| Source of classification or shelving scheme | Library of Congress Classification |
| Koha item type | REFERENCE |
| Withdrawn status | Lost status | Source of classification or shelving scheme | Damaged status | Not for loan | Collection code | Home library | Current library | Shelving location | Date acquired | Total Checkouts | Full call number | Barcode | Date last seen | Price effective from | Koha item type |
|---|---|---|---|---|---|---|---|---|---|---|---|---|---|---|---|
| Library of Congress Classification | SPECIAL Collection | ARRUPE LIBRARY | ARRUPE LIBRARY | Main Collection | 12/03/2014 | SPC DT731 .B4 | 46500001955 | 05/07/2018 | 12/03/2014 | REFERENCE |